书目信息 |
| 题名: |
民主之为自由
|
|
| 作者: | 张国清 编 | |
| 分册: | ||
| 出版信息: | 上海 华东师范大学出版社 2017 |
|
| 页数: | 438页 | |
| 开本: | 24cm | |
| 丛书名: | ||
| 单 册: | ||
| 中图分类: | B712.51-53 , D097.125.34-53 , D909.712-53 | |
| 科图分类: | ||
| 主题词: | 政治哲学--美国--现代--文集 , 法哲学--美国--现代--文集 | |
| 电子资源: | ||
| ISBN: | 978-7-5675-7222-5 | |
| 000 | 01343nam0 2200301 450 | |
| 001 | 6060 | |
| 005 | 20180530113518.20 | |
| 010 | @a978-7-5675-7222-5@b精装@dCNY138.00 | |
| 100 | @a20180315d2017 em y0chiy50 ea | |
| 101 | 0 | @achi |
| 102 | @aCN@b310000 | |
| 105 | @ay z 000yy | |
| 200 | 1 | @a民主之为自由@9min zhu zhi wei zi you@e杜威政治哲学与法哲学@f张国清编 |
| 210 | @a上海@c华东师范大学出版社@d2017 | |
| 215 | @a438页@d24cm | |
| 300 | @a杜威选集/刘放桐,陈亚军主编 | |
| 330 | @a本书收录的是杜威在政治哲学和法哲学方面的著作和论文。约翰·杜威尝试打通理论和实践、科学和信仰、民主和自由的隔阂,认为除了民主生活,现代人找不到另一种更加美好的社会生活。杜威关注人的当下实践及其后果,用民主政治观取代独断政治观,提升人们对现代民主生活的整体期望。杜威认为,哲学、科学和民主相融。他的实用主义政治和法哲学,既是对现代民主观念的合理论证,也是对它的真实描述。 | |
| 517 | 1 | @a杜威政治哲学与法哲学@9du wei zheng zhi zhe xue yu fa zhe xue |
| 600 | 0 | @a杜威@c(Dewey, John@f1859-1952)@x政治哲学@j文集 |
| 600 | 0 | @a杜威@c(Dewey, John@f1859-1952)@x法哲学@j文集 |
| 606 | 0 | @a政治哲学@y美国@z现代@j文集 |
| 606 | 0 | @a法哲学@y美国@z现代@j文集 |
| 690 | @aB712.51-53@v5 | |
| 690 | @aD097.125.34-53@v5 | |
| 690 | @aD909.712-53@v5 | |
| 701 | 0 | @a张国清@9zhang guo qing@4编 |
| 801 | 0 | @aCN@b91MARC@c20180315 |
| 905 | @aMuseLib@dB712.51-53@e49 | |
| 民主之为自由:杜威政治哲学与法哲学/张国清编.-上海:华东师范大学出版社,2017 |
| 438页;24cm |
| 杜威选集/刘放桐,陈亚军主编 |
| ISBN 978-7-5675-7222-5(精装):CNY138.00 |
| 本书收录的是杜威在政治哲学和法哲学方面的著作和论文。约翰·杜威尝试打通理论和实践、科学和信仰、民主和自由的隔阂,认为除了民主生活,现代人找不到另一种更加美好的社会生活。杜威关注人的当下实践及其后果,用民主政治观取代独断政治观,提升人们对现代民主生活的整体期望。杜威认为,哲学、科学和民主相融。他的实用主义政治和法哲学,既是对现代民主观念的合理论证,也是对它的真实描述。 |
| ● |
| 相关链接 |
|
|
|
|
正题名:民主之为自由
索取号:B712.51-53/49
 
预约/预借
| 序号 | 登录号 | 条形码 | 馆藏地/架位号 | 状态 | 备注 |
| 1 | 1115860 | 211158600 | 第一样本阅览室/ [索取号:B712.51-53/49] | 在馆 | |
| 2 | 1115861 | 211158619 | 教育系资料室/ [索取号:B712.51-53/49] | 在馆 |